00720nam a2200241 a 4500001001300000003000900013005001700022008004100039020002300080082001800103100001700121245005000138260002500188300000900213500003500222505001700257650002400274700001700298902000800315942000700323952013100330999001700461nice12345678IN_TiNIC20260116014855.0111213s2008 dela grp 000 0 eng  a9788184580570c32500a291.172bSAM7 aSamuel, John aAbraham and Isaac in Interfaith Pe Rspectives aDelhi bISPCK c2008 a312p aincludes index and biblioraphy2 aBibliography aInterfaith Dialogue1 aSamuel, John bSRS cBK 001040708StackRoom-aHMIbHMId2011-12-13g325.00l1o291.172 SAM7p023740r2023-07-21s2023-07-04v325.00w2011-12-13yBK c17367d17367